000 00538nam a2200193Ia 4500
003 OSt
005 20200813123710.0
008 190216s9999||||xx |||||||||||||| ||und||
020 _a9781403906847
040 _coclc
082 _a547.30858
_bKEM/O
100 _aKemp, William
_94105
245 0 _aOrganic Spectroscopy /
_cWilliam Kemp
250 _a3rd Ed.
260 _bPalgrave Publishing,
_c1991.
_aNew York:
300 _a393p
650 _aChemistry
942 _cBK
_2ddc
_h547.30858
_iKEM/O
_k547.30858
_mKEM/O
999 _c2976
_d2976